| 000 | 01690nam0a2200337 4500 | ||
|---|---|---|---|
| 001 | RU\NLR\bibl\510875 | ||
| 005 | 20260408162333.0 | ||
| 010 |
_a5-87308-012-7 _9500 |
||
| 021 |
_aRU _b2003-74905 _93704 |
||
| 035 | _aRSL-KNO-002397291 | ||
| 035 | _a(NLR Aleph) 000503376 | ||
| 090 |
_a1187572 _c1187572 |
||
| 100 | _a20040112d2003 |||y0rusy50 ca | ||
| 101 | 0 | _arus | |
| 102 | _aRU | ||
| 105 | _aa ||||||||| | ||
| 106 | _ar | ||
| 200 | 1 |
_aОрганизация искусственного осеменения коров и телок _e(Метод. рекомендации) _fМ-во сел. хоз-ва Респ. Федерации, М-во сел. хоз-ва Респ. Башкортостан, Башк. ин-т переподгот. и повышения квалификации кадров АПК, ФГУП "Башкирское" по плем. работе _g[Сост.: Сахаутдинов Р.Х. и др.] |
|
| 210 |
_aУфа _cЛето _d2003 _eТип. ИКЦ Уфаполиграф |
||
| 215 |
_a31 с. _d21 |
||
| 320 | _aБилиогр. в конце кн. (5 назв.) | ||
| 606 |
_aКоровы _xИскусственное осеменение _jМетодические пособия _3RU\NLR\auth\66344724 _9934640 |
||
| 686 | _aП60-344я8 | ||
| 702 | 1 |
_aСахаутдинов _bР. Х. _4220 |
|
| 712 | 0 | 2 |
_4570 _aБашкирский институт переподготовки и повышения квалификации кадров АПК _cУфа _3RU\NLR\AUTH\8810052916 _9606265 |
| 801 | 0 |
_aRU _bRuMoRKP _c20040112 _gPSBO |
|
| 801 | 1 |
_aRU _bRuMoRKP _c20040112 |
|
| 801 | 2 |
_aRU _bNLR _c20040413 _gPSBO |
|
| 942 | _cBOOK | ||
| 980 | _aNB | ||